<?xml version="1.0" encoding="UTF-8"?>
<collection xmlns="http://www.loc.gov/MARC21/slim">
 <record>
  <leader>02700nam a2200337 a 4500</leader>
  <controlfield tag="001">29760</controlfield>
  <controlfield tag="003">BD-DhAAL</controlfield>
  <controlfield tag="005">20190107092235.0</controlfield>
  <controlfield tag="008">150824s2015    bg a     b    001 0 ben  </controlfield>
  <datafield tag="999" ind1=" " ind2=" ">
   <subfield code="c">35310</subfield>
   <subfield code="d">35310</subfield>
  </datafield>
  <datafield tag="020" ind1=" " ind2=" ">
   <subfield code="a">9847112020</subfield>
  </datafield>
  <datafield tag="040" ind1=" " ind2=" ">
   <subfield code="a">BD-DhAAL</subfield>
   <subfield code="c">BD-DhAAL</subfield>
  </datafield>
  <datafield tag="041" ind1="0" ind2=" ">
   <subfield code="a">beneng   </subfield>
  </datafield>
  <datafield tag="082" ind1="0" ind2="4">
   <subfield code="a">954.9205092</subfield>
   <subfield code="2">22</subfield>
  </datafield>
  <datafield tag="245" ind1="1" ind2="0">
   <subfield code="a">গণপরিষদ ও সংসদে বঙ্গবন্ধু /</subfield>
   <subfield code="c">সম্পাদক আনু মাহ্‌মুদ</subfield>
  </datafield>
  <datafield tag="260" ind1=" " ind2=" ">
   <subfield code="a">ঢাকা :</subfield>
   <subfield code="b">ন্যাশনাল পাবলিকেশন,</subfield>
   <subfield code="c">২০১৫</subfield>
  </datafield>
  <datafield tag="300" ind1=" " ind2=" ">
   <subfield code="a">২৮৮ পৃষ্ঠা :</subfield>
   <subfield code="b">চিত্র ;</subfield>
   <subfield code="c">২১ সে.মি.</subfield>
  </datafield>
  <datafield tag="541" ind1=" " ind2=" ">
   <subfield code="e">29760</subfield>
  </datafield>
  <datafield tag="600" ind1="0" ind2="0">
   <subfield code="a">Mujibur Rahman, </subfield>
   <subfield code="c">Sheikh, </subfield>
   <subfield code="d">1920-1975 </subfield>
   <subfield code="x">Political and social views.</subfield>
   <subfield code="9">14017</subfield>
  </datafield>
  <datafield tag="651" ind1=" " ind2="0">
   <subfield code="a">Bangladesh </subfield>
   <subfield code="x">Politics and government.</subfield>
   <subfield code="9">14018</subfield>
  </datafield>
  <datafield tag="700" ind1="1" ind2=" ">
   <subfield code="a">মাহ্‌মুদ, আনু</subfield>
   <subfield code="9">14019</subfield>
  </datafield>
  <datafield tag="852" ind1=" " ind2=" ">
   <subfield code="a">Ayesha Abed Library </subfield>
   <subfield code="c">General Shelf.</subfield>
  </datafield>
  <datafield tag="942" ind1=" " ind2=" ">
   <subfield code="2">ddc</subfield>
   <subfield code="c">BK</subfield>
  </datafield>
  <datafield tag="952" ind1=" " ind2=" ">
   <subfield code="0">0</subfield>
   <subfield code="1">0</subfield>
   <subfield code="2">ddc</subfield>
   <subfield code="4">0</subfield>
   <subfield code="6">954_920509200000000_GON</subfield>
   <subfield code="7">0</subfield>
   <subfield code="9">55493</subfield>
   <subfield code="a">BRACUL</subfield>
   <subfield code="b">BRACUL</subfield>
   <subfield code="c">BNC</subfield>
   <subfield code="d">2015-08-24</subfield>
   <subfield code="e">ন্যাশনাল পাবলিকেশন</subfield>
   <subfield code="g">350.00</subfield>
   <subfield code="l">1</subfield>
   <subfield code="o">954.9205092 GON</subfield>
   <subfield code="p">3010029760</subfield>
   <subfield code="r">2020-03-08</subfield>
   <subfield code="s">2020-03-03</subfield>
   <subfield code="t">1</subfield>
   <subfield code="w">2015-08-24</subfield>
   <subfield code="y">BK</subfield>
  </datafield>
  <datafield tag="952" ind1=" " ind2=" ">
   <subfield code="0">0</subfield>
   <subfield code="1">0</subfield>
   <subfield code="2">ddc</subfield>
   <subfield code="4">0</subfield>
   <subfield code="6">954_920509200000000_GON</subfield>
   <subfield code="7">0</subfield>
   <subfield code="9">55494</subfield>
   <subfield code="a">BRACUL</subfield>
   <subfield code="b">BRACUL</subfield>
   <subfield code="c">BNC</subfield>
   <subfield code="d">2015-08-24</subfield>
   <subfield code="e">ন্যাশনাল পাবলিকেশন</subfield>
   <subfield code="g">350.00</subfield>
   <subfield code="l">0</subfield>
   <subfield code="o">954.9205092 GON</subfield>
   <subfield code="p">3010029761</subfield>
   <subfield code="r">2015-08-24</subfield>
   <subfield code="t">2</subfield>
   <subfield code="w">2015-08-24</subfield>
   <subfield code="y">BK</subfield>
  </datafield>
  <datafield tag="952" ind1=" " ind2=" ">
   <subfield code="0">0</subfield>
   <subfield code="1">0</subfield>
   <subfield code="2">ddc</subfield>
   <subfield code="4">0</subfield>
   <subfield code="6">954_920509200000000_GON</subfield>
   <subfield code="7">0</subfield>
   <subfield code="9">55495</subfield>
   <subfield code="a">BRACUL</subfield>
   <subfield code="b">BRACUL</subfield>
   <subfield code="c">BNC</subfield>
   <subfield code="d">2015-08-24</subfield>
   <subfield code="e">ন্যাশনাল পাবলিকেশন</subfield>
   <subfield code="g">350.00</subfield>
   <subfield code="l">0</subfield>
   <subfield code="o">954.9205092 GON</subfield>
   <subfield code="p">3010029762</subfield>
   <subfield code="r">2015-08-24</subfield>
   <subfield code="t">3</subfield>
   <subfield code="w">2015-08-24</subfield>
   <subfield code="y">BK</subfield>
  </datafield>
  <datafield tag="952" ind1=" " ind2=" ">
   <subfield code="0">0</subfield>
   <subfield code="1">0</subfield>
   <subfield code="2">ddc</subfield>
   <subfield code="4">0</subfield>
   <subfield code="6">954_920509200000000_GON</subfield>
   <subfield code="7">0</subfield>
   <subfield code="9">55496</subfield>
   <subfield code="a">BRACUL</subfield>
   <subfield code="b">BRACUL</subfield>
   <subfield code="c">BNC</subfield>
   <subfield code="d">2015-08-24</subfield>
   <subfield code="e">ন্যাশনাল পাবলিকেশন</subfield>
   <subfield code="g">350.00</subfield>
   <subfield code="l">1</subfield>
   <subfield code="m">4</subfield>
   <subfield code="o">954.9205092 GON</subfield>
   <subfield code="p">3010029763</subfield>
   <subfield code="r">2016-11-21</subfield>
   <subfield code="s">2016-10-04</subfield>
   <subfield code="t">4</subfield>
   <subfield code="w">2015-08-24</subfield>
   <subfield code="y">BK</subfield>
  </datafield>
  <datafield tag="952" ind1=" " ind2=" ">
   <subfield code="0">0</subfield>
   <subfield code="1">0</subfield>
   <subfield code="2">ddc</subfield>
   <subfield code="4">0</subfield>
   <subfield code="6">954_920509200000000_GON</subfield>
   <subfield code="7">0</subfield>
   <subfield code="9">55497</subfield>
   <subfield code="a">BRACUL</subfield>
   <subfield code="b">BRACUL</subfield>
   <subfield code="c">BNC</subfield>
   <subfield code="d">2015-08-24</subfield>
   <subfield code="e">ন্যাশনাল পাবলিকেশন</subfield>
   <subfield code="g">350.00</subfield>
   <subfield code="l">0</subfield>
   <subfield code="o">954.9205092 GON</subfield>
   <subfield code="p">3010029764</subfield>
   <subfield code="r">2015-08-24</subfield>
   <subfield code="t">5</subfield>
   <subfield code="w">2015-08-24</subfield>
   <subfield code="y">BK</subfield>
  </datafield>
  <datafield tag="952" ind1=" " ind2=" ">
   <subfield code="0">0</subfield>
   <subfield code="1">0</subfield>
   <subfield code="2">ddc</subfield>
   <subfield code="4">0</subfield>
   <subfield code="6">954_920509200000000_GON</subfield>
   <subfield code="7">0</subfield>
   <subfield code="9">61408</subfield>
   <subfield code="a">BRACUL</subfield>
   <subfield code="b">BRACUL</subfield>
   <subfield code="c">BNC</subfield>
   <subfield code="d">2017-09-27</subfield>
   <subfield code="e">Development Book Agency</subfield>
   <subfield code="g">500.00</subfield>
   <subfield code="l">0</subfield>
   <subfield code="o">954.9205092 GON</subfield>
   <subfield code="p">3010032153</subfield>
   <subfield code="r">2017-09-27</subfield>
   <subfield code="t">6</subfield>
   <subfield code="v">500.00</subfield>
   <subfield code="w">2017-09-27</subfield>
   <subfield code="y">BK</subfield>
  </datafield>
  <datafield tag="952" ind1=" " ind2=" ">
   <subfield code="0">0</subfield>
   <subfield code="1">0</subfield>
   <subfield code="2">ddc</subfield>
   <subfield code="4">0</subfield>
   <subfield code="6">954_920509200000000_GON</subfield>
   <subfield code="7">0</subfield>
   <subfield code="9">61409</subfield>
   <subfield code="a">BRACUL</subfield>
   <subfield code="b">BRACUL</subfield>
   <subfield code="c">BNC</subfield>
   <subfield code="d">2017-09-27</subfield>
   <subfield code="e">Development Book Agency</subfield>
   <subfield code="g">500.00</subfield>
   <subfield code="l">0</subfield>
   <subfield code="o">954.9205092 GON</subfield>
   <subfield code="p">3010032154</subfield>
   <subfield code="r">2017-09-27</subfield>
   <subfield code="t">7</subfield>
   <subfield code="v">500.00</subfield>
   <subfield code="w">2017-09-27</subfield>
   <subfield code="y">BK</subfield>
  </datafield>
  <datafield tag="952" ind1=" " ind2=" ">
   <subfield code="0">0</subfield>
   <subfield code="1">0</subfield>
   <subfield code="2">ddc</subfield>
   <subfield code="4">0</subfield>
   <subfield code="6">954_920509200000000_GON</subfield>
   <subfield code="7">0</subfield>
   <subfield code="9">61410</subfield>
   <subfield code="a">SCL</subfield>
   <subfield code="b">SCL</subfield>
   <subfield code="c">GEN</subfield>
   <subfield code="d">2017-09-27</subfield>
   <subfield code="e">ন্যাশনাল পাবলিকেশন</subfield>
   <subfield code="l">1</subfield>
   <subfield code="o">954.9205092 GON</subfield>
   <subfield code="p">3020008185</subfield>
   <subfield code="r">2018-11-25</subfield>
   <subfield code="s">2018-10-16</subfield>
   <subfield code="t">8</subfield>
   <subfield code="w">2017-09-27</subfield>
   <subfield code="y">BK</subfield>
  </datafield>
 </record>
</collection>
